000 00666nam a2200241Ia 4500
003 OSt
005 20220926032227.0
006 a|||||r|||| 00| 0
007 ta
008 220923b |||||||| |||| 00| 0 eng d
037 _cGeneral Book
040 _aRTL
_cRTL
_beng
041 _2eng
_aeng
082 _aV21.M35<----L19, G6/GD
110 _aMadras
245 0 _aGuide to the records of the Madras District, 1719-1835
260 _aSuptd
_bGovt Press India
_c1936
300 _a263p
_ccm.
650 _aHistory Tamil Nadu
_9235554
700 _aMadras
942 _hV21.M35<----L19, G6/GD
_cGB
_2CC
999 _c654138
_d654138